Statistics for Percy Jackson Random Trivia

Click here to take the quiz!

General Stats

  • This quiz has been taken 147 times
  • The average score is 4 of 9

Answer Stats

Hint Answer % Correct
The full name of Percy's first step-dadGabe Ugliano
91%
What does the horse eatGold
82%
The name of Hazel's supersonic horseArion
76%
What is he god ofMedicine
38%
Who was born to oppose AresDamasen
26%
Roman counterpart of HestiaVesta
25%
Who is Apollo's godly sonAsclepius
24%
The mother of HermesMaia
20%
Where the New York city entrance to the underworldDoor of Orpheus
6%

Score Distribution

Percentile by Number Answered

Percent of People with Each Score

Your Score History

You have not taken this quiz